000
00207 a2200097 4500
001
20014
100
_a
Shervani, L A
245
_a
India, China and Pakistan
260
_a
_b
C F P S
_c
090
_c
14608
_d
14608
942
_a
NUST-CAE
_c
M
_c
5123
999
_c
255087
_d
255087